000 01435cab a2200253 4500
001 ##L134510
008 060814n2006 000 0 eng u
035 _a(Sirsi) u134510
041 0 _aeng
100 1 _aSwerling, Leon
245 0 0 _aPitfalls in sending and receiving property notices
260 _c2006
490 0 _aEMIS Property Service
_v4(7) July 2006, 3-5(3)
520 _aCondenses essential points on getting notices drawn up and served correctly by either landlord or tenant. Points out the consequences of defective notices, and provides references to three cases which have moderated, albeit to a limited extent, the effects of a defect in a notice: "Mannai Investment Co Ltd v Eagle Star Life Assurance Co Ltd UK" (HL, Abs57160), "McDonald and another v Fernandez and another" ([2003] EWCA Civ 1219, Abs67273), "Lower Street Properties Ltd v Jones" (CA, Abs56235). Quotes the Landlord and Tenant Act 1987 ss46-48 and elucidates the impact of these sections on residential landlords.
650 2 4 _aLANDLORD AND TENANT ACT 1987 S46
650 2 4 _aLANDLORD AND TENANT ACT 1987 S47
650 2 4 _aLANDLORD AND TENANT ACT 1987 S48
650 2 4 _aMANNAI INVESTMENT CO LTD V EAGLE STAR LIFE ASSURANCE CO LTD UK
650 2 4 _aMCDONALD AND ANOTHER V FERNANDEZ AND ANOTHER
650 2 4 _aLOWER STREET PROPERTIES LTD V JONES
651 4 _aEngland and Wales
_y1543-
690 _aLandlord and tenant
_96252
942 _n0
999 _c77548
_d77548